Tribhuvan University Central Library

Techniques of teaching vocabulary used by the teachers of Khotang District (Record no. 70834)

MARC details
000 -LEADER
fixed length control field 00483 a2200181 4500
041 ## - LANGUAGE CODE
Language code of text/sound track or separate title Eng
082 ## - DEWEY DECIMAL CLASSIFICATION NUMBER
Classification number CD8234
100 ## - MAIN ENTRY--PERSONAL NAME
Personal name Sapkota, Bhupa Raj
245 ## - TITLE STATEMENT
Title Techniques of teaching vocabulary used by the teachers of Khotang District
260 ## - PUBLICATION, DISTRIBUTION, ETC. (IMPRINT)
Date of publication, distribution, etc 2010
502 ## - DISSERTATION NOTE
Dissertation note Dissertation
Degree type Degree in Education
Name of granting institution Sukuna M.C.
650 ## - SUBJECT ADDED ENTRY--TOPICAL TERM
Topical term or geographic name as entry element English language
650 ## - SUBJECT ADDED ENTRY--TOPICAL TERM
Topical term or geographic name as entry element Grammar
650 ## - SUBJECT ADDED ENTRY--TOPICAL TERM
Topical term or geographic name as entry element Spelling
650 ## - SUBJECT ADDED ENTRY--TOPICAL TERM
Topical term or geographic name as entry element Teaching vocabulary
653 ## - INDEX TERM--UNCONTROLLED
Uncontrolled term English LANGUAGE
942 ## - ADDED ENTRY ELEMENTS (KOHA)
Koha item type Audio Visual Materials
Source of classification or shelving scheme Dewey Decimal Classification
Holdings
Withdrawn status Lost status Source of classification or shelving scheme Damaged status Not for loan Home library Current library Date acquired Total Checkouts Full call number Barcode Date last seen Price effective from Koha item type
    Dewey Decimal Classification     Tribhuvan University Central Library Tribhuvan University Central Library 04/16/2014   CD8234 A8182 04/16/2014 04/16/2014 Audio Visual Materials